[Event "Let's Play Chess!"]
[Site "http://www.queenalice.com/game.php?id=1265333"]
[Date "2014.3.15"]
[Round "-"]
[White "ebrizzle"]
[Black "port956"]
[Result "1-0"]
[WhiteElo "1500"]
[BlackElo "1507"]

1. f4 Nc6 2. Nf3 d5 3. d4 e6 4. e3 f5 5. g3 Nf6 6. Nc3 Bd6 7. Bd2 Ng4 8. Qe2 Nb4
9. O-O-O a5 10. a3 Nc6 11. h3 Nf6 12. Ne5 Bd7 13. Nb5 Ne4 14. Nxd6+ cxd6 15.
Nxd7 Nxg3 16. Qg2 Nxh1 17. Qxg7 Rg8 18. Qxg8+ Kxd7 19. Qxh7+ Ne7 20. Bb5+ Kc7
21. Rxh1 Kb6 22. a4 Qc7 23. b3 Rc8 24. c4 Rg8 25. Rd1 Qd8 26. Qf7 Nc8 27. Qxe6
Ne7 28. cxd5 Rg3 29. h4 Qc7+ 30. Kb2 Rh3 31. Rc1 Qd8 32. Ka3 Rxh4 33. b4 axb4+
34. Kxb4 Qb8 35. a5+ Ka7 36. Qxe7 1-0

[Event "Let's Play Chess!"]
[Site "http://www.queenalice.com/game.php?id=1265372"]
[Date "2014.3.15"]
[Round "-"]
[White "Andrei_78"]
[Black "ebrizzle"]
[Result "1-0"]
[WhiteElo "1632"]
[BlackElo "1590"]

1. e4 e5 2. Nf3 d6 3. h3 Nc6 4. a3 Nf6 5. d3 Be7 6. Bg5 Bd7 7. Be2 h6 8. Nc3
hxg5 9. Nxg5 Nd4 10. O-O g6 11. Nb1 Nh5 12. Nf3 c5 13. Nc3 Nf4 14. b3 a5 15. Nd5
Nfxe2+ 16. Kh1 Bg4 17. Qd2 Bxf3 18. gxf3 Rxh3+ 19. Kg2 Nf4+ 20. Nxf4 Rh4 21. Nh3
Ne6 22. c3 Ng5 23. Ng1 f5 24. Rfe1 f4 25. a4 Qb6 26. Reb1 Ne6 27. Qa2 Kd7 28.
Nh3 Rah8 29. Ng1 Rh2+ 30. Kf1 Rh1 31. Ke2 Ng5 32. c4 Qb4 33. Rc1 R8h2 34. Kf1
Nh3 35. Ke2 Rxf2+ 36. Kd1 Rxa2 37. Rxa2 Qxb3+ 38. Rcc2 Rxg1+ 39. Kd2 Rg2+ 40.
Kc1 Bh4 41. Rxg2 1-0

[Event "Let's Play Chess!"]
[Site "http://www.queenalice.com/game.php?id=1265373"]
[Date "2014.3.15"]
[Round "-"]
[White "Andrei_78"]
[Black "ebrizzle"]
[Result "1-0"]
[WhiteElo "1616"]
[BlackElo "1606"]

1. e4 e5 2. Nf3 d6 3. h3 g6 4. a3 f5 5. exf5 Bxf5 6. Bc4 Nf6 7. Ng5 d5 8. Bb5+
c6 9. Be2 h5 10. O-O Ne4 11. Nxe4 Bxe4 12. d3 Bf5 13. Nd2 e4 14. dxe4 dxe4 15.
Bc4 b5 16. Be2 Bc5 17. Nb3 Qxd1 18. Bxd1 Nd7 19. Nxc5 Nxc5 20. Be3 Na4 21. Bd4
O-O 22. b3 Rfd8 23. Bf6 Rd6 24. Be5 Rd5 25. Bf4 Nc3 26. b4 a5 27. bxa5 Nxd1 28.
Rfxd1 Rxa5 29. Bd2 Ra4 30. Bg5 Rxd1+ 31. Rxd1 Rxa3 32. Rd6 Rc3 33. Rd2 c5 34.
Bf6 Rc4 35. Kf1 e3 36. fxe3 Rxc2 37. Rd8+ Kf7 38. Bh4 b4 39. Rb8 Ke6 40. Rb6+
Kf7 41. Bg3 1-0

[Event "Challenge"]
[Site "http://www.queenalice.com/game.php?id=1265376"]
[Date "2014.3.15"]
[Round "-"]
[White "ebrizzle"]
[Black "thiagobh"]
[Result "1-0"]
[WhiteElo "1623"]
[BlackElo "1530"]

1. f4 c6 2. d4 d5 3. Be3 Qb6 4. b3 e6 5. c3 Bd6 6. g3 Ne7 7. Bh3 Na6 8. Nf3 Bd7
9. Nbd2 Qa5 10. Qc1 Qa3 11. Qxa3 Bxa3 12. Ne5 Bc8 13. Ndf3 Bb2 14. Rb1 Bxc3+ 15.
Bd2 Bxd2+ 16. Nxd2 O-O 17. O-O f6 18. Nd3 b6 19. Rbc1 Nc7 20. e4 Ba6 21. Rf3
Bxd3 22. Rxd3 Nb5 23. Bxe6+ Kh8 24. exd5 cxd5 25. Re1 Nc7 26. Bd7 Rf7 27. Rde3
Ng8 28. Bc6 Rd8 29. Nf3 Rd6 30. Be8 Nxe8 31. Rxe8 h6 32. f5 Kh7 33. Nh4 Rdd7 34.
Ng6 Rc7 35. a4 Rc3 36. Ne7 Nxe7 37. R8xe7 Rxe7 38. Rxe7 Rxb3 39. Rxa7 Rf3 40. g4
Rf4 41. h3 Rxd4 42. a5 bxa5 43. Rxa5 Rd3 44. h4 d4 45. Rd5 Rg3+ 46. Kh2 Rxg4 47.
Kh3 Rf4 48. Kg3 Rxf5 49. Rxf5 Kg6 50. Kf4 d3 51. h5+ Kf7 52. Rd5 g6 53. hxg6+
Kxg6 54. Rxd3 Kh5 55. Rd6 Kg6 56. Kg4 h5+ 57. Kh4 Kf5 58. Kxh5 Ke5 59. Rd1 f5
60. Rf1 Kf6 61. Kh4 Kg6 62. Kg3 Kg5 63. Rf4 Kf6 64. Kh4 Kg6 65. Kg3 Kg5 66. Rf3
Kf6 67. Kf4 Kg6 68. Re3 Kf6 69. Re5 Kg6 70. Rxf5 Kg7 71. Kg5 1-0

[Event "Challenge I"]
[Site "http://www.queenalice.com/game.php?id=1265378"]
[Date "2014.3.15"]
[Round "-"]
[White "hrob"]
[Black "ebrizzle"]
[Result "1-0"]
[WhiteElo "1817"]
[BlackElo "1502"]

1. e4 e6 2. d4 d5 3. Nc3 Bb4 4. exd5 Bxc3+ 5. bxc3 Qxd5 6. c4 Qe4+ 7. Be3 Nf6 8.
Nf3 O-O 9. Bd3 Qc6 10. O-O Na6 11. Bg5 Ne4 12. Ne5 Nc3 13. Qh5 f5 14. Nxc6 bxc6
15. Bd2 g6 16. Qh4 Nb4 17. Bxc3 Nxd3 18. cxd3 Ba6 19. Qf4 Rf7 20. d5 exd5 21.
cxd5 cxd5 22. Qd4 Kf8 23. Rfe1 Re7 24. Qh8+ 1-0

[Event "Challenge II"]
[Site "http://www.queenalice.com/game.php?id=1265379"]
[Date "2014.3.15"]
[Round "-"]
[White "hrob"]
[Black "ebrizzle"]
[Result "1-0"]
[WhiteElo "1820"]
[BlackElo "1498"]

1. e4 d5 2. exd5 Qxd5 3. Nc3 Qe6+ 4. Be2 g6 5. d4 Bg7 6. Nf3 Nc6 7. d5 Bxc3+ 8.
bxc3 Qf6 9. dxc6 Qxc3+ 10. Bd2 Qxc6 11. Rb1 Nf6 12. Bb5 O-O 13. Bxc6 bxc6 14.
Qe2 Re8 15. O-O Bg4 16. Rb7 Bxf3 17. Qxf3 Red8 18. Bg5 Rd5 19. Bxf6 Rf5 20. Qxc6
Rxf6 21. Qxc7 e6 22. Rxa7 Rf8 23. Rd1 e5 24. Rd8 Rxd8 25. Qxd8+ Kg7 26. h4 1-0

[Event "Challenge III"]
[Site "http://www.queenalice.com/game.php?id=1265380"]
[Date "2014.3.15"]
[Round "-"]
[White "hrob"]
[Black "ebrizzle"]
[Result "1-0"]
[WhiteElo "1814"]
[BlackElo "1497"]

1. e4 c5 2. c3 Nc6 3. d4 d6 4. d5 Ne5 5. f4 Nd7 6. Nf3 f6 7. Bd3 e5 8. dxe6 Nb6
9. Bb5+ Ke7 10. f5 a6 11. Be2 d5 12. Be3 Nh6 13. Bxc5+ Ke8 14. Qd4 Qc7 15. Bxb6
Qc4 16. Bxc4 dxc4 17. Qd8# 1-0

[Event "Let's Play Chess!"]
[Site "http://www.queenalice.com/game.php?id=1267772"]
[Date "2014.3.24"]
[Round "-"]
[White "GiovaniB10"]
[Black "ebrizzle"]
[Result "1-0"]
[WhiteElo "1743"]
[BlackElo "1607"]

1. e4 e5 2. Nf3 d6 3. d4 exd4 4. Qxd4 c5 5. Bb5+ Nc6 6. Qa4 Bd7 7. Qb3 Qe7 8.
Nc3 a6 9. Bd3 b5 10. Nd5 Qd8 11. c4 b4 12. Bg5 f6 13. Be3 a5 14. a3 Nh6 15. Bd2
a4 16. Qd1 b3 17. h3 Be7 18. g4 Nd4 19. Nxd4 cxd4 20. Bxh6 gxh6 21. g5 hxg5 22.
e5 dxe5 23. Qh5+ Kf8 24. Qh6+ Kf7 25. Qh5+ Ke6 26. Be4 Bc6 27. Qg4+ Kd6 28. Rc1
Bd7 29. c5+ Kc6 30. Nxe7+ Kb5 31. Qe2+ Ka5 32. Bxa8 Qxa8 33. c6 Qd8 34. Rc5+ Kb6
35. Qb5+ Kc7 36. cxd7+ Kd6 37. Rc8 Qxe7 38. Qc6# 1-0

[Event "Let's Play Chess!"]
[Site "http://www.queenalice.com/game.php?id=1267911"]
[Date "2014.3.25"]
[Round "-"]
[White "ebrizzle"]
[Black "arpia"]
[Result "0-1"]
[WhiteElo "1615"]
[BlackElo "1799"]

1. e4 e5 2. Nf3 Nc6 3. Bb5 h6 4. Bxc6 dxc6 5. Nxe5 Qd4 6. Nf3 Qxe4+ 7. Qe2 Qxe2+
8. Kxe2 Bg4 9. h3 Bxf3+ 10. Kxf3 O-O-O 11. Re1 Nf6 12. g4 g5 13. d3 Bg7 14. Be3
Nd5 15. Bxa7 Bxb2 16. Nd2 Bxa1 17. Rxa1 b6 18. Nb3 Kb7 19. c4 Nf4 20. Bxb6 cxb6
21. d4 Nxh3 22. Kg3 Nf4 23. Re1 Rhe8 24. Re3 Rxe3+ 25. fxe3 Ng6 26. a4 Ra8 27.
d5 Rxa4 28. Nd2 Ne5 29. d6 c5 30. Ne4 Rxc4 31. Nf6 Kc6 32. Ne8 Kd7 0-1

[Event "Let's Play Chess!"]
[Site "http://www.queenalice.com/game.php?id=1267984"]
[Date "2014.3.25"]
[Round "-"]
[White "ebrizzle"]
[Black "JamesBrown"]
[Result "1-0"]
[WhiteElo "1608"]
[BlackElo "1495"]

1. f4 e5 2. fxe5 Nc6 3. Nf3 f6 4. d4 fxe5 5. Nxe5 Nxe5 6. dxe5 Qh4+ 7. g3 Qh5 8.
Bf4 g5 9. Be3 g4 10. Bf4 Qf5 11. Qd3 Qg6 12. Qxg6+ hxg6 13. e3 d6 14. exd6 Bxd6
15. Bd3 Bf5 16. e4 Bd7 17. e5 Bb4+ 18. c3 Ba5 19. Bxg6+ Kd8 20. b4 Bb6 21. Nd2
Ne7 22. Be4 a5 23. Bxb7 Ra7 24. bxa5 Bxa5 25. Bd5 Nxd5 26. Rc1 Bb6 27. c4 Nb4
28. Ke2 Nxa2 29. c5 Ba5 30. Rb1 Nc3+ 31. Kd3 Nxb1 32. Nxb1 Bf5+ 33. Kd4 Bxb1 34.
Rxb1 Rxh2 35. e6 c6 36. Bg5+ Ke8 37. Rb8+ Bd8 38. Rxd8# 1-0

[Event "Let's Play Chess!"]
[Site "http://www.queenalice.com/game.php?id=1267985"]
[Date "2014.3.25"]
[Round "-"]
[White "Ruusgugg"]
[Black "ebrizzle"]
[Result "1-0"]
[WhiteElo "1496"]
[BlackElo "1640"]

1. d4 d5 2. Nc3 e6 3. e4 Nf6 4. Bb5+ c6 5. Bd3 dxe4 6. Nxe4 Qxd4 7. Ne2 Qd5 8.
c4 Qa5+ 9. N4c3 Bb4 10. O-O b5 11. cxb5 cxb5 12. Bxb5+ Bd7 13. Bxd7+ Nbxd7 14.
Qb3 Rc8 15. Qa4 Bxc3 16. Nxc3 Qxa4 17. Nxa4 O-O 18. Be3 Ne4 19. Rad1 Ndc5 20.
Rd4 Nxa4 21. Rxa4 f5 22. f3 Nc5 23. Rxa7 Nd3 24. b3 f4 25. Bd4 e5 26. Ba1 Rfe8
27. g3 Ra8 28. Rd7 Nc5 29. Rc7 Nd3 30. Rd1 Nb4 31. Rdd7 Rec8 32. Rxg7+ Kf8 33.
Rcf7+ Ke8 34. Re7+ Kf8 35. Rxh7 Nc6 36. Ref7+ Ke8 37. Rfg7 Kf8 38. Bxe5 Nxe5 39.
gxf4 Nxf3+ 40. Kf2 Nd4 41. Rf7+ Ke8 42. f5 Rxa2+ 43. Ke3 Nc2+ 44. Ke4 Rc5 45.
Rb7 Ra4+ 46. bxa4 Rc4+ 47. Ke5 Rc5+ 48. Kd6 Rxf5 49. Rb8# 1-0

[Event "Let's Play Chess!"]
[Site "http://www.queenalice.com/game.php?id=1267987"]
[Date "2014.3.25"]
[Round "-"]
[White "spawnwolfwolverine"]
[Black "ebrizzle"]
[Result "1-0"]
[WhiteElo "1645"]
[BlackElo "1562"]

1. d4 d5 2. e3 e6 3. g3 Be7 4. Bh3 Nf6 5. Nf3 O-O 6. O-O Bd7 7. b3 b6 8. Ba3 Nc6
9. Bxe7 Qxe7 10. Nbd2 Ne4 11. Nxe4 dxe4 12. Nd2 f5 13. c4 Be8 14. f3 Bh5 15. Qc2
Nb4 16. Qc3 Nd3 17. fxe4 fxe4 18. Nxe4 Be2 19. Rxf8+ Rxf8 20. d5 exd5 21. cxd5
Qxe4 22. Be6+ Kh8 23. Rb1 Nc5 24. Qd4 Qxd4 25. exd4 Nxe6 26. dxe6 Re8 27. Re1
Rxe6 28. Kf2 Bg4 29. Rxe6 Bxe6 30. Kf3 c5 31. dxc5 bxc5 32. Ke4 Kg8 33. Ke5 Kf7
34. Kd6 c4 35. bxc4 Bxc4 36. a4 a6 37. a5 1-0

[Event "Let's Play Chess!"]
[Site "http://www.queenalice.com/game.php?id=1268021"]
[Date "2014.3.25"]
[Round "-"]
[White "ebrizzle"]
[Black "Ruusgugg"]
[Result "0-1"]
[WhiteElo "1632"]
[BlackElo "1407"]

1. e4 d5 2. f3 d4 3. d3 Nf6 4. Ne2 e6 5. c3 dxc3 6. Nbxc3 c5 7. g4 Bd6 8. Bg2
O-O 9. O-O Qc7 10. f4 Nxg4 11. e5 Be7 12. Ng3 c4 13. Qxg4 Bc5+ 14. Kh1 Qd7 15.
Nh5 g6 16. Nf6+ Kg7 17. Nxd7 Nxd7 18. Qh4 h5 19. Ne4 Bb6 20. dxc4 Bd8 21. Nd6
Bxh4 22. Bxb7 Bxb7+ 23. Nxb7 a5 24. Rd1 Nb6 25. b3 f6 26. Bb2 f5 27. a4 g5 28.
Rg1 g4 29. Nc5 Rad8 30. Bc3 Bf2 31. Nxe6+ Kf7 32. Nxd8+ Rxd8 33. Rgd1 Rg8 34.
Bxa5 g3 35. Bxb6 g2# 0-1

[Event "Let's Play Chess!"]
[Site "http://www.queenalice.com/game.php?id=1268022"]
[Date "2014.3.25"]
[Round "-"]
[White "spawnwolfwolverine"]
[Black "ebrizzle"]
[Result "1-0"]
[WhiteElo "1631"]
[BlackElo "1576"]

1. d4 d5 2. e3 f5 3. Nf3 Nd7 4. Bd3 e6 5. O-O Ngf6 6. b3 c6 7. a4 a6 8. Ba3 Be7
9. Bxe7 Qxe7 10. Nbd2 Ne4 11. Bxe4 fxe4 12. Ne5 Nxe5 13. dxe5 O-O 14. c4 Qg5 15.
f4 Qg6 16. cxd5 exd5 17. b4 Bg4 18. Qb3 Rfc8 19. Rf2 b5 20. axb5 axb5 21. Rxa8
Rxa8 22. Qc3 Ra2 23. Nb3 Rxf2 24. Kxf2 h6 25. Nd4 Kh7 26. Qxc6 Qxc6 27. Nxc6 Be6
28. h3 g5 29. Kg3 Kg6 30. fxg5 Kxg5 31. h4+ Kh5 32. Nd4 Bg4 33. Nxb5 Bf3 34.
gxf3 exf3 35. Kxf3 Kxh4 36. e6 Kg5 37. e7 1-0

[Event "Challenge"]
[Site "http://www.queenalice.com/game.php?id=1268032"]
[Date "2014.3.25"]
[Round "-"]
[White "ebrizzle"]
[Black "thiagobh"]
[Result "0-1"]
[WhiteElo "1549"]
[BlackElo "1572"]

1. f4 c6 2. Nf3 d5 3. h3 Nd7 4. d4 Ngf6 5. Nc3 e6 6. Qd3 Nh5 7. Ne5 Be7 8. g3
Nhf6 9. Bg2 Nxe5 10. fxe5 Nd7 11. Bf4 Nb6 12. b3 Nd7 13. h4 Ba3 14. Na4 Nb6 15.
Bg5 Qc7 16. c4 Nxa4 17. bxa4 Qa5+ 18. Bd2 Qxa4 19. O-O dxc4 20. Qf3 O-O 21. Qc3
Be7 22. Rfc1 b5 23. Bxc6 Rb8 24. Qa5 Qxa5 25. Bxa5 a6 26. Bc7 Bb7 27. Bxb8 Bxc6
28. Bd6 Bxd6 29. exd6 Rd8 30. e3 Rxd6 31. a4 Kf8 32. axb5 Bxb5 33. Kf2 Rc6 34.
e4 c3 35. d5 Rc5 36. d6 Ke8 37. Ke3 Kd7 38. Kd4 Kxd6 39. Rxc3 e5+ 40. Ke3 Rxc3+
41. Kf2 Rd3 42. Rc1 g6 43. Re1 Kc5 44. g4 Rh3 45. Rd1 Rxh4 46. Kg3 g5 47. Rd5+
Kc4 48. Rxe5 Rh1 49. Rxg5 a5 50. Rf5 a4 51. Rxf7 a3 52. Rc7+ Kb4 53. Ra7 Re1 54.
Kf4 Kb3 55. Rb7 Rf1+ 56. Ke5 Kb4 57. Kd5 a2 58. Ra7 Bc4+ 59. Kd4 a1=Q+ 60. Rxa1
Rxa1 61. e5 Rg1 62. Ke4 Rxg4+ 63. Kf5 Rg1 64. Kf6 h5 65. Ke7 h4 66. e6 h3 67.
Kd7 Bxe6+ 0-1

[Event "Let's Play Chess!"]
[Site "http://www.queenalice.com/game.php?id=1268033"]
[Date "2014.3.25"]
[Round "-"]
[White "port956"]
[Black "ebrizzle"]
[Result "0-1"]
[WhiteElo "1549"]
[BlackElo "1592"]

1. e4 e5 2. Nc3 Nf6 3. Bd3 Bb4 4. Nf3 Bxc3 5. bxc3 Nc6 6. c4 d6 7. Ba3 b6 8. O-O
O-O 9. Be2 Nxe4 10. d3 Nc3 11. Qd2 Nxe2+ 12. Qxe2 Be6 13. Qe4 Qd7 14. Ng5 f5 15.
Qh4 h6 16. Nf3 Ne7 17. Bc1 f4 18. Rb1 Nf5 19. Qh5 Bf7 20. Qg4 g5 21. h4 Be6 22.
hxg5 hxg5 23. Nxg5 Qg7 24. f3 Rae8 25. Kf2 Nh6 26. Qh5 Bf7 27. Qg4 Nxg4+ 28.
fxg4 Qxg5 29. Rh1 Qxg4 30. Kf1 Kg7 0-1

[Event "Let's Play Chess!"]
[Site "http://www.queenalice.com/game.php?id=1268034"]
[Date "2014.3.25"]
[Round "-"]
[White "ebrizzle"]
[Black "port956"]
[Result "1/2-1/2"]
[WhiteElo "1635"]
[BlackElo "1555"]

1. e4 e5 2. Nf3 Nc6 3. Bb5 Bc5 4. Bxc6 bxc6 5. Nxe5 Qf6 6. d4 Qh4 7. dxc5 Qxe4+
8. Qe2 Qb4+ 9. c3 Qb5 10. Qxb5 cxb5 11. O-O Nf6 12. b4 Bb7 13. Na3 a6 14. Nc2
Bd5 15. Bg5 Ne4 16. Bf4 Nxc3 17. a3 Ne2+ 18. Kh1 Nxf4 19. f3 O-O-O 20. Ne3 Be6
21. g3 Nh3 22. f4 f6 23. f5 Bb3 24. Rab1 Bg8 25. Nf3 c6 26. Kg2 Ng5 27. Nxg5
fxg5 28. f6 gxf6 29. Rxf6 h6 30. Rbf1 Kc7 31. Rf8 Be6 32. Rxd8 Rxd8 33. Rf6 a5
34. Rxh6 g4 35. Nd1 Bd5+ 36. Kf2 Rf8+ 37. Kg1 Re8 38. Nc3 Re1+ 39. Kf2 Ra1 40.
bxa5 Rxa3 41. Nxd5+ cxd5 42. a6 b4 43. Rb6 b3 44. a7 d4 45. Rb8 d3 46. a8=Q Rxa8
47. Rxb3 Ra2+ 48. Ke1 Rxh2 49. Rxd3 Rc2 50. Rd4 Rxc5 51. Rxg4 d5 52. Rd4 Rc3 53.
g4 Rc4 54. Rxd5 1/2-1/2

[Event "Let's Play Chess!"]
[Site "http://www.queenalice.com/game.php?id=1268283"]
[Date "2014.3.27"]
[Round "-"]
[White "Leovitor"]
[Black "ebrizzle"]
[Result "0-1"]
[WhiteElo "1568"]
[BlackElo "1596"]

1. Nf3 f5 2. g3 Nf6 3. Bg2 e6 4. O-O Be7 5. d4 Nc6 6. Bg5 h6 7. Bxf6 Bxf6 8. b3
Nb4 9. Nbd2 b6 10. c4 d5 11. cxd5 Nxd5 12. e3 Nc3 13. Qe1 Ba6 14. Nc4 Ne4 15.
Rc1 c5 16. dxc5 bxc5 17. Qd1 Nc3 18. Qxd8+ Rxd8 19. Rc2 O-O 20. Re1 Ne4 21. Ncd2
Bd3 22. Rcc1 g5 23. Bf1 Bxf1 24. Kxf1 Nxd2+ 25. Nxd2 Rxd2 26. Rxc5 e5 27. Rb1 f4
28. exf4 exf4 29. gxf4 gxf4 30. Rc7 Rxa2 31. b4 Be5 32. Rb7 f3 33. Rb5 Bxh2 34.
Rh5 Bf4 35. Rh3 Bg5 36. Kg1 Kg7 37. Kh2 Rxf2+ 38. Kg3 Rg2# 0-1

[Event "Let's Play Chess!"]
[Site "http://www.queenalice.com/game.php?id=1268284"]
[Date "2014.3.27"]
[Round "-"]
[White "ebrizzle"]
[Black "Leovitor"]
[Result "1-0"]
[WhiteElo "1619"]
[BlackElo "1557"]

1. e4 e6 2. d4 d5 3. e5 c5 4. b3 Nc6 5. Bb5 Qa5+ 6. Nc3 Bd7 7. Bb2 cxd4 8. Bxc6
Bxc6 9. Qxd4 Bc5 10. Qd3 Qb6 11. O-O-O Bxf2 12. Nge2 Ne7 13. Rhf1 Bc5 14. Na4
Bxa4 15. bxa4 O-O 16. Bd4 Bxd4 17. Qxd4 Qxd4 18. Rxd4 Nc6 19. Rd3 Nxe5 20. Rc3
Rac8 21. Re1 Rxc3 22. Nxc3 Rc8 23. Nb5 a6 24. Nd6 Rc7 25. Rxe5 Rd7 26. Nc8 Rc7
27. Nb6 Rc6 28. a5 Kf8 29. g4 Ke7 30. Rh5 h6 31. g5 hxg5 32. Rxg5 g6 33. Rg4 Rc5
34. Ra4 e5 35. c4 d4 36. Kd2 e4 37. Nd5+ Kd6 38. Nb4 e3+ 39. Kd3 Re5 40. Ke2 f5
41. Nd3 Re4 42. c5+ Kc6 43. Rb4 g5 44. Rb6+ Kc7 45. Nb4 Kb8 46. c6 Ka7 47. cxb7
Kb8 48. Nc6+ 1-0